| 000 | 00902nam a2200205 a 4500 | ||
|---|---|---|---|
| 001 | 000042037 | ||
| 005 | 20201002035911.0 | ||
| 008 | 130927s1981 sp 000 0 spa d | ||
| 020 | _a8400054490 | ||
| 040 |
_aDO-SdBNP _bspa _cBNPHU |
||
| 100 | 1 |
_aManso de Velasco, José A. _969016 |
|
| 245 | 1 | 0 |
_aRelación de documentos de gobierno del virrey del Perú, José A. Manso de Velasco, conde de Superunda : _b(1745-1761) / _cJosé A. Manso de Velasco ; introducción, edición, notas e índices de Alfredo Moreno Cebrián. |
| 260 |
_aMadrid : _bCSIC, _c1981. |
||
| 300 |
_a493 p. ; _c24 cm. |
||
| 490 | 1 |
_aTierra nueva e cielo nuevo _v10 |
|
| 504 | _aIncluye referencias bibliográficas y notas al pie de las páginas | ||
| 700 | 1 |
_aMoreno Cebrián, Alfredo, _eed. _968905 |
|
| 710 | 2 |
_aConsejo Superior de Investigaciones Científicas, (España) _963834 |
|
| 830 | 0 |
_aTierra nueva e cielo nuevo _v10 _915388 |
|
| 999 |
_c41526 _d41526 |
||